000 00676nam a2200241Ia 4500
003 OSt
005 20220925201926.0
006 a|||||r|||| 00| 0
007 ta
008 220923b |||||||| |||| 00| 0 eng d
020 _a0195627342
037 _cGeneral Book
040 _aRTL
_cRTL
_beng
041 _2eng
_aeng
082 _aXjN11D, N1
100 _aBanerjee Dipak Ed.
_9262913
245 0 _aEssays in economic analysis and policy
_b A tribe to
260 _aDelhi
_bOxford
_c1991
300 _axvii;264p
_ccm.
500 _aBibliography chapterwise
942 _hXjN11D, N1
_cGB
_2CC
999 _c541789
_d541789